00340 2200145 4500001002100000005001500021035002000036245004000056100001900096300001200115260003300127082000800160084001400168990001200182INLIS00000000000195120250522111321 a0010-05250002431 aKimia For Dummies /cJohn Moore Ed.0 aJohn Moore Ed. a362 hlm aJakarta :bPakar Raya,c2007 a540 a540 JOH k a0713492